| Tag |
First Indicator |
Second Indicator |
Subfields |
| LEADER |
00000cam a2200000 a 4500 |
| 001 |
in00001470708 |
| 005 |
20151021053906.0 |
| 008 |
901004s1991 nyua b 001 0 eng |
| 010 |
|
|
|a 90020569
|
| 020 |
|
|
|a 0673380262
|
| 035 |
|
|
|a (OCoLC)22592986
|
| 035 |
|
|
|9 AJE9141AM
|
| 040 |
|
|
|a DLC
|c DLC
|d TXA
|d UtOrBLW
|
| 049 |
|
|
|a TXAM
|
| 050 |
0 |
0 |
|a HD30.4
|b .W46 1991
|
| 082 |
0 |
0 |
|a 658.4/0071/173
|2 20
|
| 100 |
1 |
|
|a Whetten, David A.
|q (David Allred),
|d 1946-
|
| 245 |
1 |
0 |
|a Developing management skills /
|c David A. Whetton, Kim S. Cameron.
|
| 250 |
|
|
|a 2nd ed.
|
| 264 |
|
1 |
|a New York, NY :
|b HarperCollinsPublishers,
|c [1991]
|
| 264 |
|
4 |
|c ©1991
|
| 300 |
|
|
|a xvi, 624 pages :
|b illustrations ;
|c 23 cm.
|
| 336 |
|
|
|a text
|b txt
|2 rdacontent
|
| 337 |
|
|
|a unmediated
|b n
|2 rdamedia
|
| 338 |
|
|
|a volume
|b nc
|2 rdacarrier
|
| 504 |
|
|
|a Includes bibliographical references (pages 599-614) and index.
|
| 650 |
|
0 |
|a Management
|x Study and teaching.
|
| 650 |
|
0 |
|a Management
|v Problems, exercises, etc.
|
| 650 |
|
0 |
|a Role playing.
|
| 700 |
1 |
|
|a Cameron, Kim S.
|
| 948 |
|
|
|a c:ce
|
| 999 |
|
|
|a MARS
|
| 999 |
f |
f |
|s dd38461d-2c1a-354c-a716-2e2c1ecb663b
|i 02ecadba-fa3c-310f-90a1-f3303e124299
|t 0
|
| 952 |
f |
f |
|p ric
|a Texas A&M University
|b Rellis Campus
|c Joint Library Facility
|d Remote Storage
|t 0
|e HD30.4 .W46 1991
|h Library of Congress classification
|i unmediated -- volume
|m A14823995792
|
| 998 |
f |
f |
|a HD30.4 .W46 1991
|t 0
|l Remote Storage
|